| 000 | 00000nam##2200000za#4500 |
| 001 | 9.681146 |
| 003 | CaOODSP |
| 005 | 20200330065955 |
| 007 | ta |
| 008 | 150407|1999||||xxc||||| f|0| 0 fre|d |
| 020 | |a0-660-96375-2 |
| 040 | |aCaOODSP|bfre |
| 043 | |an-cn--- |
| 086 | 1 |aH49-139/1999F |
| 110 | 1 |aCanada.|bSanté Canada. |bDirection générale de la promotion et des programmes de la santé. |
| 245 | 10|aÉtiquetage nutritionnel : |bperceptions et préférences des canadiens |
| 260 | |aOttawa - Ontario : |bSanté Canada. |c1999. |
| 300 | |aviii, 50p. : |bfigures, graphiques, tableaux ; |c28 cm. |
| 500 | |a«L'étude mettait l'accent surtout sur le tableau d'information nutritionnelle, une présentation uniforme de la teneur en nutriments d'un aliment qui englobe des données liées à la forme qu'au contenu (déclaration énergétique et nutritionnelle).»--Introduction et historique. |
| 520 | 3 |aL'étude mettait l'accent surtout sur le tableau d'information nutritionnelle, une présentation uniforme de la teneur en nutriments d'un aliment qui englobe des données liées à la forme qu'au contenu (déclaration énergétique et nutritionnelle).--Introduction et historique |
| 563 | |aReliure à spirale |
| 590 | |a00-20|b2000-05-19 |
| 691 | 07|aÉtiquetage des aliments|2gcpds |
| 691 | 07|aAlimentation|2gcpds |
| 691 | 07|aConsommateur|2gcpds |
| 775 | 08|tNutrition labelling : |w(CaOODSP)9.647765 |
| 776 | 0#|tÉtiquetage nutritionnel : |w(CaOODSP)9.639559 |